000 00752nas a2200253 4500
001 BR2012005272
003 BR-BrBNA
005 20231205120852.0
007 ta
008 230509b bl.|||p| |||| 00| 00por d
040 _aBR-BrBNA
_bpor
_cBiblioteca Nacional de Agricultura
041 _a(Pt)
072 _aF06
100 1 _aGomes, E.P.
100 1 _aTestezlaf, R.
245 1 _aDesempenho da irrigação por sulcos na tomaticultura-de-mesa da região de Campinas-SP
650 _aTOMATE
650 _aMÉTODO DE APLICAÇÃO
650 _aRENDIMENTO
650 _aPERDA
773 0 _tIrriga (Brazil)
_xISSN 1808-3765
_g(Jul-Sep 2009), v. 14(3) p. 289-298
_wBR2012005272
909 _a202311
_bLúcia
_c55
_dLúcia Elande
942 _2AGRIS
_n0
_cANA
999 _c220727
_d220727